Gwatemalska imigracja według państw - Statystyki

Ogólne statystyki
  • Ten quiz został rozwiązany 16 razy
  • Średni wynik to 14 z 20
Statystyki odpowiedzi
Ludzie Państwo % Poprawnych
1 460 Hiszpania
92%
450 Kanada
92%
18 420 Meksyk
92%
9 200 Stany Zjednoczone
92%
595 Argentyna
85%
350 Chile
85%
740 Chiny
85%
1 320 Kolumbia
85%
360 Wenezuela
85%
800 Kuba
77%
840 Niemcy
77%
540 Peru
77%
550 Brazylia
69%
20 480 Salwador
69%
420 Włochy
62%
8 800 Nikaragua
54%
1 300 Kostaryka
46%
940 Belize
38%
8 800 Honduras
38%
1 940 Korea Południowa
15%
Nie znaleziono quizów pasujących do podanych kryteriów
Rozkład punktacji
Procent ludzi z każdym wynikiem
Percentyl według liczby udzielonych odpowiedzi
Twoja historia wyników
Nie rozwiązałeś tego quizu